01300nab a2200397 i 450000100060000000300080000600500170001400600190003100700150005000800410006502200140010603500210012004000310014105000250017208000080019708200120020510000310021724501170024826400470036530000250041231000150043733600310045233700330048333800430051636200500055950000230060950400290063265000280066165000130068965000170070265000160071965500320073570000290076777300440079685600620084053205FlNmELB20241216232445.0m o d | cr cnu||||||||131205c20109999ve qr p o 0 b0spa d a1315-9518 a(OCoLC)934389948 aFINmELBbspaerdacFINmELB 4aB105.C473bM866 2010 a5740 a5012231 aMorán Beltrán, Lino E.10aDe la teoría de la complejidad a la ética ecológica /cLino E. Morán Beltrán, Johan M. Méndez Reyes. 1aMaracaibo :bUniversidad del Zulia,c2010. a1 recurso en línea aTrimestral atextobtxt2rdacontent/spa acomputadorabc2rdamedia/spa arecurso en líneabcr2rdacarrier/spa0 aVolumen 16, Número 1 (enero-marzo) (2010) - aContiene índice. aContiene bibliografía. 0aComplexity (Philosophy) 0aEcology. 4aFilosofía. 4aEcología. 4aArtículos electrónicos.1 aMéndez Reyes, Johan M.0 tRevista de Ciencias Socialesx1315-951840uhttps://elibro.net/ereader/politecnicointernacional/17356